Relación simuladores y aprendizaje en problemas de descubrimiento

Uloženo v:
Podrobná bibliografie
Hlavní autoři: Maldonado Granados, Luis Facundo (autor), Ortega del Castillo, Nerey (Autor), Fonseca, Oscar Hernán (Autor), Sarmiento, Luis Carlos (Autor), Nayibe González, Diana (Autor), Macías Mora, David (Autor), Ibáñez Ibáñez, Jaime (Autor)
Médium: Kniha
Jazyk:španělština
Vydáno: Bogotá Universidad Pedagógica Nacional 2001
Témata:
Tagy: Přidat tag
Žádné tagy, Buďte první, kdo vytvoří štítek k tomuto záznamu!

MARC

LEADER 00000nam a2200000 a 4500
001 UCM5052
003 CL-VaPUC
008 020927e20010000CK |||||||||||||||||spa|d
082 0 4 |a 371.397  |b MAL  |2 21 
100 |a Maldonado Granados, Luis Facundo  |e autor  |9 473446 
700 0 |a Ortega del Castillo, Nerey  |e author  |9 471346 
700 0 |a Fonseca, Oscar Hernán  |e author  |9 471347 
700 0 |a Sarmiento, Luis Carlos  |e author  |9 471348 
700 0 |a Nayibe González, Diana  |e author  |9 471349 
700 0 |a Macías Mora, David  |e author  |9 471350 
700 0 |a Ibáñez Ibáñez, Jaime  |e author  |9 471351 
245 1 0 |a Relación simuladores y aprendizaje en problemas de descubrimiento 
300 |a 160 p 
942 |c BK 
945 |d 20020927 00:00:00  |a cmena 
260 |a Bogotá  |b Universidad Pedagógica Nacional  |c 2001 
650 0 |a Simulación por computador  |9 260988 
650 0 |a Métodos de enseñanza  |9 270413 
650 0 |a Aprendizaje   |9 254827 
650 0 |a Juegos educativos  |9 307366 
650 7 |a SOLUCION DE PROBLEMAS  |2 CL-VaPUC  |9 270958 
583 |a last modification  |c 20020927 00:00:00  |k Rodrigo Vera 
999 |c 301350  |d 301348 
952 |0 0  |1 0  |4 0  |6 371_397000000000000_MAL_2001  |7 0  |8 A  |9 360204  |a BIBEDU  |b BIBEDU  |d 2019-11-21  |i 3834115  |o 371.397 MAL 2001  |p 3834115  |r 2019-11-21  |w 2019-11-21  |y BK  |k EDU